Statistics for Best Selling Cars - Beginning With R

Click here to take the quiz!

General Stats

  • This quiz has been taken 22 times
  • The average score is 6 of 14

Answer Stats

World RankingHintAnswer% Correct
30Ford PickupRanger
89%
485Land Rover Bestselling Line of SUVsRange Rover
78%
1Toyota Bestselling SUVRAV-4
78%
134Jeep Subcompact SUVRenegade
67%
296KIA HatchbackRio HB
67%
254KIA Compact SedanRio Sedan
67%
430Honda PickupRidgeline
61%
96Lexus Crossover SUVRX
61%
275Buick Mid-Size SedanRegal Sedan
39%
22Nissan Mid-Size SUVRouge Sport
11%
229Toyota SUV (Similar to speed)Rush
11%
140Toyota SUV (Phillipines)Raize
6%
191Toyota Compact Minivan (AKA Tank)Roomy
6%
218Roewe Compact Crossover SUV (EUR)RX5
6%

Score Distribution

Percentile by Number Answered

Percent of People with Each Score

Your Score History

You have not taken this quiz